00921 a2200181 45000010006000000050017000060080041000230030015000640400040000790800026001192450035001450200022001802640031002025050382002330410008006151000021006238560095006444390220260407155720.0260407a arg spa d AR-UNSa-BCEJYS aAR-UNSa-BCEJYSbspacAR-UNSa-BCEJYS a330.43xEconometría10aA primer in econometric theory a978-0-262-03490-6 1aCambridge :bThe MIT Press a1. Introduction - 2. Vector spaces - 3. Linear algebra and matrices - 4. Foundations of probability - 5. Modeling dependence - 6. Asymptotics - 7. Further topics in probability - 8. Estimators - 9. Properties of estimators - 10. Confidence intervals and tests - 11. Regression - 12. Ordinary least squares - 13. Large samples and dependence - 14. Regularization - 15. Appendix aspa1 aStachurski, John41uhttps://biblioeco.unsa.edu.ar/pmb/images/libros/L126775.jpgyImagen de portadaqimage/jpeg